The Occupational safety and health (use and standards of exposure of chemicals hazardous to health) regulations 2000 (Record no. 70883)

MARC details
000 -LEADER
fixed length control field 00460nam a2200145Ia 4500
100 ## - MAIN ENTRY--AUTHOR NAME
Personal name Mokhtar Anuar Mohd
245 #4 - TITLE STATEMENT
Title The Occupational safety and health (use and standards of exposure of chemicals hazardous to health) regulations 2000
260 ## - PUBLICATION, DISTRIBUTION, ETC. (IMPRINT)
Name of publisher Planter
Year of publication 2005
300 ## - PHYSICAL DESCRIPTION
Number of Pages 355-365
650 ## - SUBJECT ADDED ENTRY--TOPICAL TERM
Topical Term Assessment of health risk
650 ## - SUBJECT ADDED ENTRY--TOPICAL TERM
Topical Term Chemicals hazardous to health
650 ## - SUBJECT ADDED ENTRY--TOPICAL TERM
Topical Term USECHH
942 ## - ADDED ENTRY ELEMENTS (KOHA)
Koha item type Journals
Holdings
Withdrawn status Lost status Damaged status Not for loan Home library Current library Shelving location Date acquired Serial Enumeration / chronology Koha item type
      Journals RRII Library RRII Library Mycology 17/12/2021 Volume 81, Issue 951 Journals